Statistiques concernant La guerre des clans cycle 1

Cliquez ici pour prendre le quiz!

Statistiques générales

  • Ce quiz a été pris 497 fois
  • Le résultat moyen est 36 sur 61

Statistiques - réponses

indice et descriptionpersonnge% Correct
Chat domestique,apprenti du clan du tonnere,guerrier chef de clan qui est-ce ?Etoile de feu
98%
meilleur ami du chat si dessus (chat au long poil gris)Plume Grise
97%
ami du 1er personnage devenu solitaire a cuse de son mentorNuage de Jais
90%
meilleure amie du premier chatTempête de Sable
86%
Premier Chef connu de Rusty le chat domestiqueEtoile Bleue
83%
Premier amour de Rusty et aussi la première guérisseuse de RustyPetite Feuille
83%
chef du Clan du Sang et Demi-Frère SECRET de RustyFléau
80%
Ancienne guérrisseuse du clan de l'ombre et devenu l'amie de RustyCroc Jaune
79%
Chef du clan du ventEtoile Filante
77%
fille du chef si dessus et premier amour du 2eme chatRivière d'Argent
77%
Ennemi PRINCIPAL du cycle 1Etoile du Tigre
76%
3eme guerisseuse du Clan du tonnere et première apprentie de RustyMuseau Cendré
76%
ancien ami de la chatte si dessusPelage de Poussière
75%
preimier chef connu de Rusty du Clan de la RivièreEtoile Balafrée
74%
Meilleur ami chat domestique de RustyFicelle
72%
Chatte brune portant le nom d'un animal dans son nom (indice:Poil de...)Poil de Souris
72%
Guérrisseur du Clan De L'OmbreRhume Des Foins
71%
Chat crème detestant Rusty a son arrivée au clanLongue Plume
69%
Mort étouffé par les cendres (Pomme...)Pomme de Pin
69%
Chat noir qui DETESTE le chat du haut de la listeEclair Noir
68%
ancien a qui il manque la moitié de sa queueDemi-Queue
67%
second chef que connut Rusty au Clan de la RivièreEtoile Du léopard
67%
lieutnant tué par Griffe de TigrePlume Rousse
67%
Soeur de RustyPrincesse
67%
Mentor de Rusty a son arrivée au ClanCoeur de Lion
66%
Fille secrète de Etoile BleuePatte de Brume
66%
Fils secret de Etoile BleuePelage de Silex
66%
Doyen du Clan au oreille minusculePetite Oreille
66%
2ème chef du Clan de l'Ombre connut de RustyEtoile Noire
65%
Meilleur ami de Rusty au Clan du VentMoustache
65%
lieutnant du Clan du SangCarcasse
64%
deuxième nom de Etoile BriséePlume brisée
64%
lieutnant tué par le lieutnant du Clan du SangTornade Blanche
64%
Chatte défigurée par les chiens dont son ancien nom était Sans VisageCoeur Blanc
63%
Neveu de Rusty et premier fil de PrincesseFlocon de Neige
62%
Femelle de Griffe de TigreBouton d'Or
60%
Solitaire ami du chef du Clan du Tonnerre et qui abbite avec un ancien apprentiGerboise
60%
Chat gris du Clant de l'ombre(Flèche...)Flèche Grise
59%
Chat gris extrêmement rapideVif-Argent
59%
Chat mort par un éboulement avant l'arrivée de RustyCoeur de Chêne
57%
Chatte blanche tuée par Griffe de TigrePlume Blanche
56%
Chat mort tristement par un chien et qui était apprentisNuage Agile
54%
Chat au patte torduePatte Folle
54%
Chatte gris perle (Fleur de...Fleur de Saule
53%
Doyenne du Clan presque aveugleUn-Oeil
50%
Lieutnant de Etoile Brisée(cycle 2 Etoile de Jais)Patte noire
48%
Chat Brun Doré qui aime bien Rusty et ancien apprenti de Plume GrisePoil de Fougère
47%
Chat apprenti de Rhume des FoinsPetit Orage
45%
Mère adoptive de Patte de Brume et Pelage de SilexLac de Givre
43%
Chat au cicatrices multiple qui a tue le premier amour de RustyMuseau Balafré
43%
Chatte ainée des reinesPerce-Neige
42%
Chatte très jolie d'autrefois l'ainée des anciensPlume Cendrée
42%
Guérrisseur du Clan de la rivière au temp de Etoile BalafréePatte de Pierre
34%
Chatte dont son fils unique est aveugle et s'est fait mangé par un fauconPelage de Givre
33%
Chat du Clan de l'Ombre a la queue minusculePetite Queue
32%
Guerisseur du temp de Patte FolleEcorce de Chêne
30%
Lieutnant d'étoile NoireOeil de Faucon
23%
Chat n'aimant pas beaucoup RustyGriffe de Pierre
15%
Frère de FléauChausette
12%
Soeur de FléauRubis
12%
Mère de FléauDuchesse
7%

Distribution des résultats

Percentile par nombre de réponses

% des personnes avec chaque résultat

Votre développement - résultats

Vous n’avez pas pris ce quiz